000 00443nam a2200181Ia 4500
001 30757
003 IN-NITTTR
005 20251114233414.0
008 251113s9999||||xx |||||||||||||| ||eng||
040 _beng
040 _cIN-NITTTR
041 _aeng
082 _a621.31 B47R
100 _aBikash Pal, Chaudhuri
245 0 _aRobust control in power systems /
_cBikash Pal, Chaudhuri, Balarko
700 _a Balarko,
942 _2ddc
_cBK
999 _c33387
_d33387